Score 0/30 Timer 10:00
0 Plays Today
% Correct
Two
93%
One
92.9%
Hundred And One
92.8%
Fifty
92.1%
1984
92.1%
22
91.5%
2001
91.1%
80
90.9%
451
89.4%
Twenty Thousand
89%
Five
81.5%
Three
78.6%
One Hundred
78.2%
Thirty-Nine
66.9%
Seven
60%
% Correct
Four
47.4%
13¾
43.3%
49
42%
Six
37.4%
Ten
37.3%
500
33.1%
8
30%
Nine
27.4%
84
27.1%
Thirteen
25.8%
44
21.7%
10½
20.3%
34
19.2%
Twenty
18.8%
Twelve
16.9%
Remove Ads.
Support Sporcle.
Get the best of Sporcle when you Go Orange. This ad-free experience offers more features, more stats, and more fun while also helping to support Sporcle. Thank you for becoming a member.

You're not logged in!

Compare scores with friends on all Sporcle quizzes.
OR
Log In

Show Comments

Extras

Top Quizzes Today


Score Distribution

Your Account Isn't Verified!

In order to create a playlist on Sporcle, you need to verify the email address you used during registration. Go to your Sporcle Settings to finish the process.

Report this User

Report this user for behavior that violates our Community Guidelines.

Details: